Gumrah / (Record no. 55804)

MARC details
000 -LEADER
fixed length control field 05086nam a22006497a 4500
001 - CONTROL NUMBER
control field DVD-007648-656
005 - DATE AND TIME OF LATEST TRANSACTION
control field 2011082302532.0
007 - PHYSICAL DESCRIPTION FIXED FIELD--GENERAL INFORMATION
fixed length control field vd bvaizu
008 - FIXED-LENGTH DATA ELEMENTS--GENERAL INFORMATION
fixed length control field 080715s2007 ii 150 g mlhin
010 ## - LIBRARY OF CONGRESS CONTROL NUMBER
LC control number DVD-007648-656
024 ## - OTHER STANDARD IDENTIFIER
Standard number or code DHIF1512S
Additional codes following the standard number [OBSOLETE] 349.00
035 ## - SYSTEM CONTROL NUMBER
System control number DVD-007648-656
040 ## - CATALOGING SOURCE
Original cataloging agency DLC
Transcribing agency DLC
Modifying agency DLC
Description conventions amim
082 ## - DEWEY DECIMAL CLASSIFICATION NUMBER
Classification number DVD GUMR
245 00 - TITLE STATEMENT
Title Gumrah /
Statement of responsibility, etc B.R. Films ; produced & directed by B.R. Chopra ; dialogue by Akhtar-Ul-Iman.
246 1# - VARYING FORM OF TITLE
Display text Parallel title on disc:
Title proper/short title Gumarà„ha
257 ## - COUNTRY OF PRODUCING ENTITY FOR ARCHIVAL FILMS
Country of producing entity India.
260 ## - PUBLICATION, DISTRIBUTION, ETC. (IMPRINT)
Place of publication, distribution, etc New Delhi :
Name of publisher, distributor, etc Moser Baer Entertainment,
Date of publication, distribution, etc 2010.
300 ## - PHYSICAL DESCRIPTION
Extent 1 videodisc of 1 (DVD) (ca. 150 min.) :
Other physical details sd., b&w ;
Dimensions 4 3/4 in.
Materials specified viewing copy.
440 ## - SERIES STATEMENT/ADDED ENTRY--TITLE
Title B.R. Chopra six classic films
9 (RLIN) 33361
500 ## - GENERAL NOTE
General note Copyright notice on disc: Shemaroo Entertainment.
500 ## - GENERAL NOTE
General note Originally released theatrically in India in 1963.
500 ## - GENERAL NOTE
General note Summary taken from Internet Movie database WWW site, viewed on Mar. 20, 2009.
500 ## - GENERAL NOTE
General note Not viewed.
500 ## - GENERAL NOTE
General note Sources used: videodisc container; disc label; cataloging record from OvOp field office.
508 ## - CREATION/PRODUCTION CREDITS NOTE
Creation/production credits note Editing, Pran Mehra ; music, Ravi.
511 1# - PARTICIPANT OR PERFORMER NOTE
Participant or performer note Mala Sinha, Ashok Kumar, Sunil Dutt, Shashikala, Vandana, Nirupa Roy.
520 ## - SUMMARY, ETC.
Summary, etc Meena lives with her retired and widowed dad in picturesque Nainital. She has a sister, Kamla, married to a well-known Barrister, Ashok, and two children, Pappu and Dolly. When Kamla comes for a visit, she finds out that Meena is in love with Rajendra, a painter and singer, who she approves of him, and would like to get them married. Before that could happen she has an accident and passes away, leaving the care of her children to Meena. Subsequently, their father arranges Meena's marriage with Ashok, fearing ill-treatment by another woman as the step-mother. Meena marries Ashok and goes to live in his palatial house in Bombay. After a year when they return to Nainital, a visibly upset Rajendra gets in touch with Meena and they rekindle their romance. When Meena gets back to Bombay, Rajendra follows her and they continue to meet in secret. Things gets complicated when Meena finds out that Rajendra is married to a woman named Leela, who also wants to blackmail her in order to keep her mouth shut. Angry at this betrayal at the hands of her lover, Meena has two ways out - continue to pay Leela for the rest of her life - or kill herself
538 ## - SYSTEM DETAILS NOTE
System details note DVD players, multimedia systems & PC with MPEG card; version 2.0 players; MPEG; NTSC All Region
541 ## - IMMEDIATE SOURCE OF ACQUISITION NOTE
Materials specified DVD
546 ## - LANGUAGE NOTE
Language note In Hindi with English subtitles.
586 ## - AWARDS NOTE
Awards note Filmfare Awards, 1964: best editor, Pran Mehra ; best playback singer, male, Mahendra Kapoor ; best supporting actress, Shashikala.
650 #0 - SUBJECT ADDED ENTRY--TOPICAL TERM
Topical term or geographic name as entry element Love
Form subdivision Drama.
9 (RLIN) 33362
650 #0 - SUBJECT ADDED ENTRY--TOPICAL TERM
Topical term or geographic name as entry element Betrayal
Form subdivision Drama.
9 (RLIN) 33363
650 #0 - SUBJECT ADDED ENTRY--TOPICAL TERM
Topical term or geographic name as entry element Triangles (Interpersonal relations)
Form subdivision Drama.
9 (RLIN) 33364
655 #0 - INDEX TERM--GENRE/FORM
Genre/form data or focus term Romance films.
-- 33377
655 #0 - INDEX TERM--GENRE/FORM
Genre/form data or focus term Feature films.
-- 33378
655 #0 - INDEX TERM--GENRE/FORM
Genre/form data or focus term Fiction films.
-- 33379
700 1# - ADDED ENTRY--PERSONAL NAME
Personal name Chopra, B. R.,
Dates associated with a name 1914-2008,
Relator term production,
-- direction.
9 (RLIN) 33368
700 0# - ADDED ENTRY--PERSONAL NAME
Personal name Ravi
Titles and other words associated with a name (Composer),
Relator term music.
9 (RLIN) 33369
700 1# - ADDED ENTRY--PERSONAL NAME
Personal name Sinha, Mala,
Relator term cast.
9 (RLIN) 33370
700 1# - ADDED ENTRY--PERSONAL NAME
Personal name Ashok Kumar,
Dates associated with a name 1911-2001,
Relator term cast.
9 (RLIN) 33371
700 1# - ADDED ENTRY--PERSONAL NAME
Personal name Dutt, Sunil,
Relator term cast.
9 (RLIN) 33372
700 1# - ADDED ENTRY--PERSONAL NAME
Personal name Roy, Nirupa,
Dates associated with a name 1931-
Relator term cast.
9 (RLIN) 33373
710 2# - ADDED ENTRY--CORPORATE NAME
Corporate name or jurisdiction name as entry element Moser Baer Entertainment,
9 (RLIN) 33374
942 ## - ADDED ENTRY ELEMENTS (KOHA)
Source of classification or shelving scheme Dewey Decimal Classification
Item type CD-ROMs, DVDs, VHS
Classification part DVD
Call number suffix GUMR
Holdings
Withdrawn status Lost status Source of classification or shelving scheme Damaged status Not for loan Collection code Home library Current library Date acquired Source of acquisition Cost, normal purchase price Total Checkouts Total Renewals Full call number Barcode Date last seen Date last borrowed Copy number Cost, replacement price Price effective from Koha item type Public note
    Dewey Decimal Classification     Fiction Central Library Central Library 23/08/2011 pioneer/1226/28.3.11 349.00 7 1 DVD GUMR DVD-007648 04/06/2018 01/06/2018 1 349.00 23/08/2011 CD-ROMs, DVDs, VHS DVD 1
    Dewey Decimal Classification     Fiction Janak Puri Janak Puri 23/08/2011 pioneer/1226/28.3.11 349.00 7   DVD GUMR DVD-007650 24/06/2014 09/06/2014 1 349.00 23/08/2011 CD-ROMs, DVDs, VHS DVD 1
    Dewey Decimal Classification     Fiction Karol Bagh Karol Bagh 23/08/2011 pioneer/1226/28.3.11 349.00 4   DVD GUMR DVD-007654 05/04/2013 25/03/2013 1 349.00 23/08/2011 CD-ROMs, DVDs, VHS DVD 1
    Dewey Decimal Classification     Fiction Narela Karol Bagh 23/08/2011 pioneer/1226/28.3.11 349.00     DVD GUMR DVD-007655 23/08/2011   1 349.00 23/08/2011 CD-ROMs, DVDs, VHS DVD 1
    Dewey Decimal Classification     Fiction Patel Nagar Patel Nagar 23/08/2011 pioneer/1226/28.3.11 349.00 1   DVD GUMR DVD-007649 04/01/2014 06/12/2013 1 349.00 23/08/2011 CD-ROMs, DVDs, VHS DVD 1
    Dewey Decimal Classification     Fiction R.K.Puram-8 R.K.Puram-8 23/08/2011 pioneer/1226/28.3.11 349.00 1   DVD GUMR DVD-007652 15/07/2016 09/07/2016 1 349.00 23/08/2011 CD-ROMs, DVDs, VHS DVD 1
    Dewey Decimal Classification     Fiction Sarojini Nagar Sarojini Nagar 23/08/2011 pioneer/1226/28.3.11 349.00 10 1 DVD GUMR DVD-007651 05/06/2013 29/05/2013 1 349.00 23/08/2011 CD-ROMs, DVDs, VHS DVD 1
    Dewey Decimal Classification     Fiction Shahdara Branch Shahdara Branch 23/08/2011 pioneer/1226/28.3.11 349.00     DVD GUMR DVD-007656 23/08/2011   1 349.00 23/08/2011 CD-ROMs, DVDs, VHS DVD 1
    Dewey Decimal Classification     Fiction Vinoba Puri Vinoba Puri 23/08/2011 pioneer/1226/28.3.11 349.00 4   DVD GUMR DVD-007653 11/05/2016 09/05/2016 1 349.00 23/08/2011 CD-ROMs, DVDs, VHS DVD 1

© Delhi Public Library
Hit Counter
free hit counter